000 00533nam a22001817a 4500
005 20251108173119.0
008 250721s2003 xx 000 0 ara d
082 1 4 _a928.11/منص
100 1 _aمنصور، محمد
245 1 0 _aأبو ذؤيب الهذلي : حياته و شعره /
264 1 _aالقاهرة :
_bدار غريب للنشر،
_c2003.
300 _a292ص.
650 1 7 _aالشعراء العرب
650 1 7 _aالعصر الجاهلي
650 1 7 _aالتراجم
942 _2ddc
_cBK
999 _c96351
_d96351